banner koha

Avaliacao do estado nutricional e da capacidade de trabalho de filhos adolescentes de boias-frias ou trabalhadores volantes de Ribeirao Preto [Sao Paulo, Brasil] (Registro n. 334005)

MARC details
000 -LÍDER
campo de controle de tamanho fixo 01476naa a22003977a 4500
001 - NÚMERO DE CONTROLE
campo de controle BR8107836
003 - IDENTIFICADOR DO NÚMERO DE CONTROLE
campo de controle BR-BrBNA
005 - DATA E HORÁRIO DA ÚLTIMA TRANSAÇÃO
campo de controle 20250721143146.0
007 - CAMPO FIXO DE DESCRIÇÃO FÍSICA--INFORMAÇÃO GERAL
campo de controle de tamanho fixo ta
008 - CAMPO DE DADOS FIXOS--INFORMAÇÃO GERAL
campo de controle de tamanho fixo 250630b bl.|||m| |||| 00| 0 por d
040 ## - FONTE DA CATALOGAÇÃO
Instituição da catalogação original BR-BrBNA
Idioma da catalogação por
Instituição que transcreveu o registro Biblioteca Nacional de Agricultura
041 ## - CÓDIGO DE IDIOMA
Código do idioma do texto/trilha sonora ou título diferente (Pt)
072 ## - CÓDIGO DE CATEGORIA DE ASSUNTO
Código de Categoria de Assunto S20
Código do objeto /G514
090 ## - NÚMERO DE CHAMADA LOCAL
Número de chamada S20 BR8107836
100 1# - ENTRADA PRINCIPAL--NOME PESSOAL
Nome pessoal Desai, I.D.
100 1# - ENTRADA PRINCIPAL--NOME PESSOAL
Nome pessoal Waddel, C.
100 1# - ENTRADA PRINCIPAL--NOME PESSOAL
Nome pessoal Duarte, E.
100 1# - ENTRADA PRINCIPAL--NOME PESSOAL
Nome pessoal Robazzi, M.L.
100 1# - ENTRADA PRINCIPAL--NOME PESSOAL
Nome pessoal Romero, L.S.C.
100 1# - ENTRADA PRINCIPAL--NOME PESSOAL
Nome pessoal Desai, M.I.
100 1# - ENTRADA PRINCIPAL--NOME PESSOAL
Nome pessoal Vichi, F.L.
100 1# - ENTRADA PRINCIPAL--NOME PESSOAL
Nome pessoal Duarte, F.A.M.
100 1# - ENTRADA PRINCIPAL--NOME PESSOAL
Nome pessoal Oliveira, J.E.D. de
245 1# - TÍTULO
Título Avaliacao do estado nutricional e da capacidade de trabalho de filhos adolescentes de boias-frias ou trabalhadores volantes de Ribeirao Preto [Sao Paulo, Brasil]
490 ## - TÍTULO DA SÉRIE
Título da série Publicacao ACIESP (Brazil)
Número do volume ou designação sequencial da série no. 30
500 ## - NOTA GERAL
Nota geral Boias-frias, um estudo socio-economico-nutricional sobre trabalhadores volantes rurais da area de Ribeirao Preto<br/>Sao Paulo, SP (Brasil): 1981. p. 126-131<br/>(BR8107836-AMS)<br/>
650 ## - ASSUNTO--TERMO TÓPICO
Cabeçalho tópico ou nome geográfico TRABALHADOR RURAL
650 ## - ASSUNTO--TERMO TÓPICO
Cabeçalho tópico ou nome geográfico BAIXA RENDA
650 ## - ASSUNTO--TERMO TÓPICO
Cabeçalho tópico ou nome geográfico EXIGENCIA NUTRICIONAL
650 ## - ASSUNTO--TERMO TÓPICO
Cabeçalho tópico ou nome geográfico DEFICIENCIA NUTRICIONAL
650 ## - ASSUNTO--TERMO TÓPICO
Cabeçalho tópico ou nome geográfico RIBEIRAO PRETO
650 ## - ASSUNTO--TERMO TÓPICO
Cabeçalho tópico ou nome geográfico SAO PAULO
773 0# - ENTRADA ANALÍTICA
Título Boias-frias, um estudo socio-economico-nutricional sobre trabalhadores volantes rurais da area de Ribeirao Preto
Número de controle do registro S20 BR8107836
Partes relacionadas Sao Paulo, SP (Brasil), 1981. p. 126-131
942 ## - ELEMENTOS DE ENTRADA ADICIONADOS (KOHA)
Tipo de material Koha Analítica de Monografia Seriada
Fonte da classificação ou esquema de arquivamento na estante Classificação AGRIS
909 ## -
-- 202506
-- Lúcia
-- 55
-- Lúcia Elande
Exemplares
Situação do descarte Fonte da classificação ou esquema de arquivamento na estante Situação física Não pode ser emprestado Coleção Biblioteca de origem Biblioteca atual Total de empréstimos Data de último acesso Número do exemplar Tipo de material Koha Situação das perdas Data de aquisição Fonte de aquisição
  Classificação AGRIS       Biblioteca Nacional de Agricultura - Binagri Biblioteca Nacional de Agricultura - Binagri   30/06/2025 01 Analítica de Monografia Seriada   2025-06-30 Portaria Interministerial nº 164/94

BINAGRI

Telefone: (61)3218-2567/2388/3357/2097 - binagri@agro.gov.br

Ministério da Agricultura e Pecuária , Esplanada dos Ministérios, Bloco D, Anexo B, Brasília/DF, CEP: 70.043-900